| 000 | 01098nam a2200277 i 4500 | ||
|---|---|---|---|
| 001 | 000046285 | ||
| 003 | DO-SdBNP | ||
| 005 | 20240305103548.0 | ||
| 007 | ta | ||
| 008 | 110303s1998 dr 000 0 spa d | ||
| 040 |
_aDO-SdBNP _bspa _cBNPHU _erda |
||
| 082 |
_aRD861.44 _bH557g3 _222 |
||
| 100 | 1 |
_aHernández Rueda, Lupo, _d1930 -2017 _925215 |
|
| 245 | 1 | 0 |
_aLa generación del 48 / _cLupo Hernández Rueda |
| 264 |
_aSanto Domingo : _bComisión Permanente Feria Nacional del Libro, _c1998 |
||
| 300 |
_a40 paginas. : _bilustrados ; _c22 cm. |
||
| 336 |
_2rdacontent _atexto _btxt |
||
| 337 |
_2rdamedia _asin mediación _bn |
||
| 338 |
_2rdacarrier _avolumen _bnc |
||
| 490 |
_aCuadernos Caribe;os _v2 |
||
| 505 | _aPresentación 15 -- Prólogo 19 -- Introducción 25 -- Método 31 -- Antecedentes del presente estudio 37 -- Marco conceptual 45 -- Resultados 65 -- Conclusiones 123 -- Logros 126 -- Recomendaciones 129 -- Referencias bibliográficas 133 | ||
| 590 | _ainventariado, 2023 / DG | ||
| 650 | 4 |
_aPoesía dominicana _961716 _xHistoria y crítica |
|
| 910 | _aDG | ||
| 942 |
_2ddc _cLF2 |
||
| 999 |
_c53481 _d53481 |
||